000 nam a22 a 4500
999 _c4544
_d4544
005 20170531111121.0
008 170531s2008 be ||||| |||| 00| 0 eng d
040 _aAKMAL
082 _a352.448 CON
090 _a352.448
_bCON
245 1 0 _aRevised Kyoto Convention ( specifix Annex A : arrival of goods in a customs territory, updated August 2008) :
_bThe International Convention on The Simplification and Harmonization of Customs Procedures.
260 _aBrussels, Belgium:
_bWorld Customs Organization,
_c2008
300 _avarious paging (loose-leaf) ;
_c30 cm
650 1 0 _aCustoms Administration
_xLaw and legislation
_96000
710 2 _aWorld Customs Organization
_95917
942 _2ddc
_cBOOK
950 _lAKMAL